[Event "Penang op 15th"]
[Site "Penang"]
[Date "2023.12.21"]
[Round "7"]
[White "Weiye, Cheng"]
[Black "Ng, Shao Wen Joshua"]
[Result "0-1"]
[WhiteElo "1376"]
[BlackElo "1356"]
[PlyCount "76"]
[EventDate "2023.12.18"]
[EventType "swiss"]
[EventRounds "9"]
[EventCountry "MAS"]
[SourceTitle "CB52_2023"]
[SourceDate "2023.12.27"]
[SourceVersion "1"]
[SourceVersionDate "2023.12.27"]
[SourceQuality "1"]

1. e4 c5 2. Nf3 d6 3. Bb5+ Bd7 4. Bxd7+ Qxd7 5. c4 g6 6. Nc3 Bg7 7. d4 cxd4 8. Nxd4 Nc6 9. Be3 Nf6 10. f3 a6 11. 0-0 0-0 12. Qd3 Ne5 13. Qe2 Rac8 14. b3 b5 15. Nd5 Nxd5 16. cxd5 Rc7 17. Rac1 Rfc8 18. Rxc7 Rxc7 19. h3 Qc8 20. f4 Nd7 21. Nc6 Nb8 22. Bb6 Nxc6 23. Bxc7 Nd4 24. Qf2 Qxc7 25. e5 Qc5 26. f5 Nxf5 27. Qxc5 dxc5 28. g4 Ne3 29. d6 exd6 30. Re1 Bxe5 31. Kf2 Nc2 32. Re2 Nd4 33. Re4 f5 34. gxf5 gxf5 35. Rh4 Kg7 36. Ke3 Kg6 37. b4 h5 38. bxc5 dxc5 0-1

[Event "Penang op 15th"]
[Site "Penang"]
[Date "2023.12.20"]
[Round "5"]
[White "Vivaan, Amarnani"]
[Black "Weiye, Cheng"]
[Result "1/2-1/2"]
[WhiteElo "1270"]
[BlackElo "1376"]
[PlyCount "30"]
[EventDate "2023.12.18"]
[EventType "swiss"]
[EventRounds "9"]
[EventCountry "MAS"]
[SourceTitle "CB52_2023"]
[SourceDate "2023.12.27"]
[SourceVersion "1"]
[SourceVersionDate "2023.12.27"]
[SourceQuality "1"]

1. d4 d5 2. Bg5 Nf6 3. Nd2 Nbd7 4. e3 g6 5. Ngf3 Bg7 6. Bd3 c5 7. c3 0-0 8. 0-0 Qc7 9. Bf4 Qb6 10. Rb1 Re8 11. h3 Qd8 12. Bh2 b6 13. Bb5 Bb7 14. Ne5 a6 15. Be2 Rc8 1/2-1/2

[Event "Penang op 15th"]
[Site "Penang"]
[Date "2023.12.19"]
[Round "4"]
[White "Rajendran, Kartikeyan"]
[Black "Weiye, Cheng"]
[Result "1-0"]
[WhiteElo "1429"]
[BlackElo "1376"]
[PlyCount "65"]
[EventDate "2023.12.18"]
[EventType "swiss"]
[EventRounds "9"]
[EventCountry "MAS"]
[SourceTitle "CB52_2023"]
[SourceDate "2023.12.27"]
[SourceVersion "1"]
[SourceVersionDate "2023.12.27"]
[SourceQuality "1"]

1. e4 c6 2. d4 d5 3. e5 c5 4. c3 Nc6 5. Nf3 cxd4 6. cxd4 Bg4 7. Bb5 Qb6 8. Bxc6+ bxc6 9. Nbd2 Qa6 10. Nb3 e6 11. Bd2 Qd3 12. Rc1 Bxf3 13. Qxf3 Qxf3 14. gxf3 Rc8 15. Ke2 Ne7 16. Rc2 Nf5 17. Kd3 Nh4 18. f4 Be7 19. Rhc1 Nf3 20. Rxc6 Rxc6 21. Rxc6 Kd7 22. Ra6 Ra8 23. Ba5 Nxh2 24. Nc5+ Bxc5 25. dxc5 f6 26. Rd6+ Ke7 27. c6 fxe5 28. fxe5 Ng4 29. f4 g5 30. c7 Nf2+ 31. Ke2 Rc8 32. Kxf2 gxf4 33. Rd8 1-0

[Event "Penang op 15th"]
[Site "Penang"]
[Date "2023.12.19"]
[Round "3"]
[White "Weiye, Cheng"]
[Black "Koay, Yu Hang"]
[Result "0-1"]
[WhiteElo "1376"]
[BlackElo "1574"]
[PlyCount "106"]
[EventDate "2023.12.18"]
[EventType "swiss"]
[EventRounds "9"]
[EventCountry "MAS"]
[SourceTitle "CB52_2023"]
[SourceDate "2023.12.27"]
[SourceVersion "1"]
[SourceVersionDate "2023.12.27"]
[SourceQuality "1"]

1. e4 c6 2. d4 d5 3. exd5 cxd5 4. Bd3 Nc6 5. c3 Nf6 6. h3 g6 7. Nf3 Bg7 8. 0-0 Bf5 9. Re1 0-0 10. Bf1 a6 11. b4 b5 12. a4 Qb6 13. Nbd2 Rfc8 14. Nb3 Nxb4 15. a5 Qd8 16. cxb4 Bc2 17. Qe2 Bxb3 18. Rb1 Bc2 19. Rb2 Be4 20. Ne5 Nd7 21. Bf4 Nxe5 22. dxe5 Rc6 23. Qd1 Rac8 24. Rd2 Bc2 25. Qf3 e6 26. Ree2 g5 27. Be3 h6 28. Bb6 Qd7 29. Bc5 Bg6 30. g4 Bf8 31. Bxf8 Kxf8 32. Qf6 Kg8 33. f4 Qd8 34. fxg5 hxg5 35. Qxd8+ Rxd8 36. Rh2 Kg7 37. h4 gxh4 38. Rxh4 Rdc8 39. g5 Rc1 40. Kf2 R8c2 41. Rhd4 Be4 42. Bh3 Kg6 43. Bf1 Kxg5 44. Ke2 Kf5 45. Rxc2 Rxc2+ 46. Ke1 Rb2 47. Rd2 Rxd2 48. Kxd2 Kxe5 49. Bxb5 axb5 50. a6 d4 51. a7 f5 52. a8Q Bxa8 53. Kd3 Be4+ 0-1